Voyage historique en Egypte : pendant la campagnes des généraux Bonaparte, Kléber et Menou /

محفوظ في:

المؤلف الرئيسي: Di Pietro, Dominique (مؤلف)

التنسيق: كتاب

اللغة: French

منشور في: [S.l.] : KESSINGER PUBLISHING, 2011.

الموضوعات:

الوسوم: إضافة وسم

لا توجد وسوم, كن أول من يضع وسما على هذه التسجيلة!

رقم الطلب: DC225 .P63 2011

LEADER 00749namaa2200241 4500
001 22130
003 OSt
005 20251216100147.0
008 130303r20111827 000 0 fre d
020 |a 9781168110343 
040 |c ARCE Library 
043 |a f-ua--- 
050 4 |a DC225 .P63 2011 
100 1 |a Di Pietro, Dominique,  |e author 
245 1 0 |a Voyage historique en Egypte :   |b pendant la campagnes des généraux Bonaparte, Kléber et Menou /   |c par Dominique di Pietro. 
264 1 |a [S.l.] :   |b KESSINGER PUBLISHING,   |c 2011. 
300 |a 340 pages ;   |c 23 cm 
555 |a Sara.lib 
651 0 |a Egypt  |x Description and travel. 
651 0 |a Egypt  |x History  |y French occupation, 1798-1801. 
901 |a reviewed 
942 |c BK  |2 lcc 
999 |c 20734  |d 20734